00417nam a2200145Ia 4500008004100000041000900041082001800050100002000068245002500088260003000113300000800143650000800151999001700159952009500176230718s9999 xx 000 0 und d aEng. a343.23bMYN-C aMyneni, S.R. Dr 0aCriminal PC Junenize aPakistanbNew Dehlic2016 a624 aLaw c31373d31373 00104070aSIRC-LbSIRC-Ld2023-07-18l0o343.23 MYN-Cp26324r2023-07-18w2023-07-18yBK